00469nam a2200157 4500003000900000005001700009008004100026020002700067040001300094082001600107100002600123245009100149260002500240650002700265700001900292SEACOMEC20251004121019.0230930b |||||||| |||| 00| 0 eng d c280.00a978-0070669307 aSEACOMEC a621.3bC435 aChakarborty, Abhijit  aBasic Electrical and Electronics Engineering-I cAbhijit Chakraborty and Sudipta nath  aNew DelhibTMHc2011 aElectrical Engineering aNath, Sudipta